000 00521nam a22001577a 4500
005 20231115065704.0
008 231115b |||||||| |||| 00| 0 eng d
041 _aEnglish
082 _a344.5 BRO
100 _lEnglish
245 _aBroadcasting Laws :
_bDocuments on Politics and Society in the Federal Republic of Germany
260 _aGermany :
_bInter Nationes, Editorial Department,
_c1989
300 _b222 pages ;
_c22 cm.
650 _aLegal practice
_bLaw
942 _cBK
_6ALISON_BN_VRIES
999 _c646
_d646